000
00270nam a22001337a 4500
082
_a
894.812
_b
MOH/M
100
_a
RAJMOHAN
245
_a
MRUTHUTHALAM
260
_a
ALUVA
_b
PEN BOOKS PVT. LTD
_c
2006
300
_a
48
520
_a
POETRY
650
_a
POETRY
942
_c
BK
999
_c
4236
_d
4236